书目信息 |
| 题名: |
现代装饰色彩
|
|
| 作者: | 崔栋良 编著 | |
| 分册: | ||
| 出版信息: | 哈尔滨 黑龙江美术出版社 1992.07 |
|
| 页数: | 93页 | |
| 开本: | 32开 | |
| 丛书名: | ||
| 单 册: | ||
| 中图分类: | J505 | |
| 科图分类: | ||
| 主题词: | 工艺美术--艺术理论 | |
| 电子资源: | ||
| ISBN: | 7-5318-0142-6 | |
| 000 | 00560nam0 2200193 45 | |
| 001 | 0011141903 | |
| 005 | 20001114193843.0 | |
| 010 | @a7-5318-0142-6@d13.00元 | |
| 100 | @a20001114d1992 km y0chiy0120 ea | |
| 101 | 0 | @achi |
| 105 | @a z 000yy | |
| 200 | 1 | @a现代装饰色彩@AXian Dai Zhuang Shi Se Cai@f崔栋良 编著@FCui Dong Liang Bian Zhu |
| 210 | @a哈尔滨@c黑龙江美术出版社@d1992.07 | |
| 215 | @a93页@d32开 | |
| 606 | 0 | @a工艺美术@x艺术理论 |
| 690 | @aJ505@v3 | |
| 701 | 0 | @a崔栋良@4编著 |
| 801 | @aCN@bPftUser@c20001114 | |
| 905 | @b405686-690@dJ505@eC446@f5 | |
| 现代装饰色彩/崔栋良 编著.-哈尔滨:黑龙江美术出版社,1992.07 |
| 93页;32开 |
| ISBN 7-5318-0142-6:13.00元 |
| ● |
| 相关链接 |
|
|
|
正题名:现代装饰色彩
索取号:J505/C446
 
预约/预借
| 序号 | 登录号 | 条形码 | 馆藏地/架位号 | 状态 | 备注 |
| 1 | 405686 | 204056868 | 社科库309/309社科库 85排2列3层/ [索取号:J505/C446] | 在馆 | |
| 2 | 405687 | 204056877 | 社科库309/309社科库 85排2列3层/ [索取号:J505/C446] | 在馆 | |
| 3 | 405688 | 204056886 | 社科库309/309社科库 91排1列1层/ [索取号:J505/C446] | 在馆 | |
| 4 | 405689 | 204056895 | 社科库309/309社科库 91排1列1层/ [索取号:J505/C446] | 在馆 | |
| 5 | 405690 | 204056902 | 社科库309/309社科库 85排2列3层/ [索取号:J505/C446] | 在馆 |